[Event "Gibraltar Amateurs A"]
[Site "Gibraltar"]
[Date "2019.01.21"]
[Round "1.1"]
[White "Fong, Mi Yen"]
[Black "Omtvedt, Aleksander"]
[Result "1/2-1/2"]
[WhiteElo "1687"]
[BlackElo "1896"]
[PlyCount "126"]
[EventDate "2019.01.21"]
[EventType "swiss"]
[EventRounds "5"]
[EventCountry "GGB"]

1. e4 e5 2. Nf3 Nf6 3. Bc4 Nxe4 4. Nxe5 d5 5. Qf3 Be6 6. Be2 Nd7 7. d4 Nxe5 8.
dxe5 Be7 9. Nd2 Nxd2 10. Bxd2 Qd7 11. O-O O-O 12. Qg3 f6 13. Bh6 Bc5 14. Bf4 c6
15. Rad1 Qf7 16. Bd3 Rae8 17. Rd2 Bb6 18. Kh1 Bd7 19. h4 c5 20. c4 dxc4 21. Be4
Be6 22. exf6 Qxf6 23. Be5 Qh6 24. Bf3 Bd8 25. h5 Rf5 26. Bg4 Rxe5 27. Qxe5 Qxd2
28. Bxe6+ Kh8 29. Qxc5 Qxb2 30. Bxc4 Bb6 31. Qf5 Qe5 32. Qxe5 Rxe5 33. Bf7 Re7
34. Bd5 Re5 35. Bf3 Kg8 36. g4 Re7 37. Kg2 Kf7 38. Rb1 Kf6 39. Rb5 Rc7 40. Rf5+
Ke7 41. Bd5 Kd6 42. Bb3 Re7 43. Kf3 Bc5 44. Rf8 h6 45. Rd8+ Rd7 46. Rxd7+ Kxd7
47. Ke2 Kd6 48. f4 b5 49. Kd3 a5 50. Ke4 Ba3 51. Kf5 Ke7 52. g5 hxg5 53. fxg5
Bc1 54. Kg6 Kf8 55. h6 gxh6 56. gxh6 Bb2 57. h7 Bh8 58. Kf5 Kg7 59. Bg8 b4 60.
Ke4 Kf8 61. Kd3 Bc3 62. Kc4 Kg7 63. Kb5 Be1 1/2-1/2

[Event "Gibraltar Amateurs A"]
[Site "Gibraltar"]
[Date "2019.01.21"]
[Round "1.2"]
[White "Portman, Carl S"]
[Black "Bussmann, John"]
[Result "1/2-1/2"]
[WhiteElo "1884"]
[BlackElo "1671"]
[PlyCount "150"]
[EventDate "2019.01.21"]
[EventType "swiss"]
[EventRounds "5"]
[EventCountry "GGB"]

1. e4 c5 2. Nf3 g6 3. d4 cxd4 4. Nxd4 Bg7 5. Nc3 Nc6 6. Be3 Nf6 7. Be2 d6 8.
O-O Bd7 9. f4 O-O 10. Kh1 Nxd4 11. Bxd4 Bc6 12. Bf3 Nd7 13. Bxg7 Kxg7 14. Qd4+
Kg8 15. Nd5 e5 16. fxe5 dxe5 17. Qb4 Bxd5 18. exd5 Rb8 19. Rae1 f5 20. d6 e4
21. Be2 Rf6 22. g4 Ne5 23. gxf5 gxf5 24. Qb3+ Kh8 25. Qd5 Qxd6 26. Qxd6 Rxd6
27. Rxf5 Ng6 28. Bh5 Re8 29. Bxg6 hxg6 30. Rf2 Kg7 31. Rfe2 Rde6 32. Kg2 g5 33.
Kg3 Kg6 34. Kg4 e3 35. Kf3 Rf6+ 36. Kg3 Rfe6 37. c4 a5 38. b3 Kf5 39. a3 Re4
40. h3 R8e5 41. Kf3 Rf4+ 42. Kg3 Rfe4 43. Rd1 b5 44. cxb5 Rxb5 45. Rd3 Rbe5 46.
Rc3 Kg6 47. Kf3 Rh4 48. Rexe3 Rxh3+ 49. Kf2 Rexe3 50. Rxe3 Rh2+ 51. Kg3 Rb2 52.
Rc3 a4 53. bxa4 Rb8 54. a5 Kf5 55. Rc5+ Ke6 56. Kg4 Ra8 57. Kxg5 Kd6 58. Rf5
Ke6 59. Kf4 Ra6 60. Rh5 Kf7 61. Ke4 Kg6 62. Rb5 Kf7 63. Kd5 Ke7 64. Kc5 Kd7 65.
Kb4 Kc6 66. Rh5 Ra8 67. Rh6+ Kc7 68. Kb5 Rb8+ 69. Kc5 Rb3 70. Rh7+ Kb8 71. a4
Rb1 72. a6 Rb2 73. Rh4 Ka7 74. Rb4 Rxb4 75. Kxb4 Kxa6 1/2-1/2

[Event "Gibraltar Amateurs A"]
[Site "Gibraltar"]
[Date "2019.01.21"]
[Round "1.3"]
[White "Krause, Helmut"]
[Black "Gonzalez Pabollet, Jesus Maria S"]
[Result "0-1"]
[WhiteElo "1668"]
[BlackElo "1875"]
[PlyCount "70"]
[EventDate "2019.01.21"]
[EventType "swiss"]
[EventRounds "5"]
[EventCountry "GGB"]

1. d4 e6 2. Nf3 c5 3. e3 Nf6 4. Bd3 d5 5. b3 cxd4 6. exd4 Nc6 7. Nbd2 Bb4 8.
Bb2 a6 9. a3 Bd6 10. Ne5 Qc7 11. f4 b5 12. Rc1 Qb6 13. c3 Bb7 14. O-O Bxe5 15.
fxe5 Nxe5 16. Bc2 O-O 17. Kh1 Neg4 18. Qe2 Qd6 19. Nf3 Ne4 20. g3 Rac8 21. Bb1
f5 22. Nh4 Rf6 23. Qg2 Ne3 24. Qe2 Nxf1 25. Rxf1 Nxc3 26. Bxc3 Rxc3 27. Ng2 Rh6
28. Qf2 Qxg3 29. Qxg3 Rxg3 30. Rf2 Rxb3 31. Kg1 Rxb1+ 32. Rf1 Rxf1+ 33. Kxf1
Rxh2 34. Kg1 Rxg2+ 35. Kxg2 a5 0-1

[Event "Gibraltar Amateurs A"]
[Site "Gibraltar"]
[Date "2019.01.21"]
[Round "1.4"]
[White "Leimeister, Winfried"]
[Black "Guardia Bencomo, Tomas"]
[Result "1-0"]
[WhiteElo "1870"]
[BlackElo "1664"]
[PlyCount "73"]
[EventDate "2019.01.21"]
[EventType "swiss"]
[EventRounds "5"]
[EventCountry "GGB"]

1. e4 c5 2. Nf3 d6 3. g3 Nc6 4. c3 Nf6 5. d3 e5 6. Bg2 Be7 7. O-O O-O 8. Nbd2
Rb8 9. a4 b6 10. Nc4 Be6 11. Ne3 d5 12. Ng5 d4 13. Nxe6 fxe6 14. Nc2 Qe8 15.
cxd4 cxd4 16. Bd2 Nd7 17. b4 b5 18. a5 Bd6 19. Rb1 Rc8 20. Na3 a6 21. Bh3 Nxa5
22. Nxb5 Nb7 23. Na3 Kh8 24. Nc4 Qf7 25. Qb3 Bb8 26. Ra1 Rc6 27. Bg2 Rfc8 28.
Ra2 Nd6 29. Rc2 Nxc4 30. dxc4 Ba7 31. c5 Nf8 32. Ra2 Qb7 33. Qa4 Nd7 34. f4 g6
35. f5 exf5 36. exf5 gxf5 37. b5 1-0

[Event "Gibraltar Amateurs A"]
[Site "Gibraltar"]
[Date "2019.01.21"]
[Round "1.5"]
[White "Stai, Sondre"]
[Black "Lochte, Szilvia"]
[Result "1-0"]
[WhiteElo "1659"]
[BlackElo "1868"]
[PlyCount "59"]
[EventDate "2019.01.21"]
[EventType "swiss"]
[EventRounds "5"]
[EventCountry "GGB"]

1. e4 c5 2. Nf3 e6 3. d4 cxd4 4. Nxd4 a6 5. Bd3 Nf6 6. Nc3 Qc7 7. O-O Bc5 8.
Nb3 Be7 9. a4 Nc6 10. Be3 b6 11. f3 O-O 12. Qe2 d6 13. Qf2 Nd7 14. Rfd1 Nc5 15.
Bf1 Bb7 16. Qg3 Rac8 17. Rd2 Nxb3 18. cxb3 Na5 19. Rad1 Nxb3 20. Bh6 Bf6 21.
Rxd6 Qc5+ 22. Kh1 Qh5 23. Bf4 Qc5 24. e5 Be7 25. Bh6 g6 26. Bxf8 Kxf8 27. R6d3
Na5 28. f4 Nc4 29. Rb1 Qc6 30. Be2 1-0

[Event "Gibraltar Amateurs A"]
[Site "Gibraltar"]
[Date "2019.01.21"]
[Round "1.6"]
[White "Bryant, Richard B E"]
[Black "Krause, Marianne"]
[Result "1-0"]
[WhiteElo "1862"]
[BlackElo "1637"]
[PlyCount "105"]
[EventDate "2019.01.21"]
[EventType "swiss"]
[EventRounds "5"]
[EventCountry "GGB"]

1. e4 c5 2. Nc3 e6 3. f4 g6 4. Nf3 Bg7 5. g3 Ne7 6. Bg2 d6 7. Ne2 Nbc6 8. c3
Rb8 9. O-O b5 10. d4 cxd4 11. cxd4 d5 12. e5 O-O 13. g4 a5 14. Ng3 Qb6 15. Kh1
Bd7 16. h4 f5 17. g5 Rfc8 18. Be3 Na7 19. Ne1 b4 20. Nd3 Bb5 21. Rf3 Kf7 22.
Nc5 Rh8 23. Bf1 h6 24. Kg1 hxg5 25. hxg5 Qd8 26. a4 Bxf1 27. Nxf1 Rh7 28. Qd3
Bf8 29. Rc1 Rb6 30. Bf2 Nec6 31. Rh3 Rxh3 32. Qxh3 Bg7 33. Nxe6 Kxe6 34. Qh7
Bxe5 35. Qxg6+ Bf6 36. Re1+ Kd7 37. Qxf5+ Kc7 38. Qxf6 Qxf6 39. gxf6 Rb8 40.
Rd1 Rf8 41. Bh4 Nc8 42. Ne3 Kd6 43. Nf5+ Ke6 44. Ne7 N8xe7 45. fxe7 Re8 46. Kf2
Kf7 47. Rc1 Nxd4 48. Rc5 Nf5 49. Bg5 Nxe7 50. Rxa5 Ke6 51. Ra6+ Kd7 52. Ra7+
Ke6 53. Rxe7+ 1-0

[Event "Gibraltar Amateurs A"]
[Site "Gibraltar"]
[Date "2019.01.21"]
[Round "1.7"]
[White "White, Gary"]
[Black "Robson, Paul E"]
[Result "0-1"]
[WhiteElo "1623"]
[BlackElo "1861"]
[PlyCount "98"]
[EventDate "2019.01.21"]
[EventType "swiss"]
[EventRounds "5"]
[EventCountry "GGB"]

1. f4 g6 2. Nf3 Bg7 3. e4 d5 4. e5 c5 5. d4 Bg4 6. Be2 Nc6 7. Bb5 Bxf3 8. Qxf3
cxd4 9. O-O e6 10. Qd3 Qb6 11. b3 Nge7 12. Ba3 Rc8 13. Nd2 a6 14. Bxc6+ bxc6
15. Nf3 c5 16. Rab1 Nc6 17. g4 Qa5 18. Bb2 O-O 19. a3 Qb6 20. Kh1 f6 21. f5
exf5 22. gxf5 Nxe5 23. Nxe5 fxe5 24. fxg6 Qxg6 25. Qxg6 Rxf1+ 26. Kg2 hxg6 27.
Kxf1 e4 28. Ke2 Rf8 29. Rg1 Kh7 30. Bc1 Be5 31. Bg5 Rf3 32. Be7 c4 33. bxc4
dxc4 34. Rg4 Re3+ 35. Kd1 Kg7 36. Bc5 Kf6 37. Kd2 Kf5 38. Rg2 c3+ 39. Kd1 Rf3
40. Ke2 Re3+ 41. Kd1 Rh3 42. Rf2+ Ke6 43. Rg2 Kd5 44. Bb6 Rxh2 45. Rxg6 d3 46.
cxd3 exd3 47. Rg1 Ra2 48. Be3 Rxa3 49. Kc1 Ra1# 0-1

[Event "Gibraltar Amateurs A"]
[Site "Gibraltar"]
[Date "2019.01.21"]
[Round "1.8"]
[White "Johansson, Daniel 1984"]
[Black "Khoo-Thwe, Louis"]
[Result "1/2-1/2"]
[WhiteElo "1859"]
[BlackElo "1617"]
[PlyCount "139"]
[EventDate "2019.01.21"]
[EventType "swiss"]
[EventRounds "5"]
[EventCountry "GGB"]

1. e4 e5 2. Nf3 Nc6 3. Bc4 Bc5 4. b4 Bxb4 5. c3 Ba5 6. d4 exd4 7. O-O dxc3 8.
Qb3 Qe7 9. Bg5 Nf6 10. Nxc3 Bxc3 11. Qxc3 d6 12. Rfe1 Ne5 13. Nd4 O-O 14. Nf5
Bxf5 15. exf5 Qd8 16. Rad1 Nxc4 17. Qxc4 c6 18. Qb4 Nd5 19. Qg4 f6 20. Bf4 Nxf4
21. Qxf4 d5 22. h4 Qa5 23. Re7 Rf7 24. Rde1 Qd8 25. R7e6 Qd7 26. h5 h6 27. Qb4
b6 28. Re7 Rxe7 29. Rxe7 Qxf5 30. Qd6 c5 31. Qc6 Rf8 32. Qb7 Qg5 33. f4 Qg4 34.
Qxd5+ Kh8 35. Qd6 Rg8 36. Rxa7 Qxh5 37. Rb7 Qe2 38. Rxb6 c4 39. Rc6 Qxa2 40.
Qc7 Qe2 41. Rxc4 Re8 42. Rc1 Qe3+ 43. Kh2 Re7 44. Qc8+ Re8 45. Qc7 Kh7 46. Rf1
Qe7 47. Qc2+ Qe4 48. Qxe4+ Rxe4 49. Rf3 Kg6 50. g4 Re2+ 51. Kg3 f5 52. Rb3 fxg4
53. Kxg4 h5+ 54. Kf3 Re6 55. Ra3 Rf6 56. Ra4 Kh6 57. Kg3 Rg6+ 58. Kf3 h4 59.
Ra8 Rg3+ 60. Kf2 Kh5 61. Rg8 Rg6 62. Kf3 Rg3+ 63. Kf2 g6 64. f5 g5 65. f6 Kg4
66. Rxg5+ Kxg5 67. f7 Rg4 68. f8=Q Rf4+ 69. Qxf4+ Kxf4 70. Kg2 1/2-1/2

[Event "Gibraltar Amateurs A"]
[Site "Gibraltar"]
[Date "2019.01.21"]
[Round "1.9"]
[White "Sagar, Siya"]
[Black "Marcos Herrero, Francisco"]
[Result "1-0"]
[WhiteElo "1616"]
[BlackElo "1855"]
[PlyCount "119"]
[EventDate "2019.01.21"]
[EventType "swiss"]
[EventRounds "5"]
[EventCountry "GGB"]

1. e4 c5 2. Nf3 Nc6 3. d4 cxd4 4. Nxd4 g6 5. Nc3 Bg7 6. Be3 Nf6 7. f3 O-O 8.
Bc4 Qb6 9. Rb1 Ng4 10. fxg4 Bxd4 11. Bxd4 Qxd4 12. Qxd4 Nxd4 13. Kd2 d6 14. h3
Bd7 15. Nd5 Nc6 16. Bb5 Rae8 17. Rhf1 f6 18. Rbe1 Kg7 19. a4 a6 20. Bxc6 bxc6
21. Nc3 h6 22. a5 Rb8 23. b3 e5 24. Na4 Rb5 25. Nb6 Be6 26. Ra1 d5 27. exd5
cxd5 28. Rfb1 Rd8 29. b4 f5 30. gxf5 gxf5 31. Na4 h5 32. Nc5 Bc8 33. h4 Kf6 34.
Ra3 Rg8 35. g3 Rg4 36. Rab3 d4 37. Rf3 e4 38. Rf4 Ke5 39. Rxg4 fxg4 40. c3 e3+
41. Ke2 dxc3 42. Kxe3 Bf5 43. Nd3+ Kd5 44. Rf1 Kc4 45. Rf4+ Kb3 46. Nc5+ Ka2
47. Rxf5 Rxb4 48. Kd3 c2 49. Kxc2 Rb2+ 50. Kd3 Ka3 51. Rxh5 Rf2 52. Ne4 Rf3+
53. Kd4 Kb4 54. Rg5 Ra3 55. h5 Ra1 56. h6 Rh1 57. Rg6 Kxa5 58. Ng5 Kb5 59. h7
a5 60. Rg8 1-0

[Event "Gibraltar Amateurs A"]
[Site "Gibraltar"]
[Date "2019.01.21"]
[Round "1.10"]
[White "Lane, Ryan"]
[Black "Kumar, Deepak"]
[Result "1/2-1/2"]
[WhiteElo "1851"]
[BlackElo "1590"]
[PlyCount "59"]
[EventDate "2019.01.21"]
[EventType "swiss"]
[EventRounds "5"]
[EventCountry "GGB"]

1. e4 b6 2. d4 Bb7 3. Nc3 d6 4. Nf3 e6 5. Bb5+ c6 6. Ba4 Nd7 7. O-O Be7 8. Bf4
Ngf6 9. Re1 O-O 10. Qe2 a5 11. a3 b5 12. Bb3 a4 13. Ba2 Ba6 14. Qd2 d5 15. Rad1
b4 16. axb4 Bxb4 17. Bg5 Qa5 18. exd5 cxd5 19. Qf4 Bxc3 20. bxc3 Qxc3 21. Ne5
Nxe5 22. Qxe5 Ne4 23. Bh4 Qb2 24. Bb1 Nc3 25. Bf6 gxf6 26. Qxf6 Ne4 27. Rxe4
dxe4 28. Qg5+ Kh8 29. Qf6+ Kg8 30. Qg5+ 1/2-1/2

[Event "Gibraltar Amateurs A"]
[Site "Gibraltar"]
[Date "2019.01.21"]
[Round "1.12"]
[White "Garcia-Blazquez Perez, Manuel"]
[Black "Haddock, Paul"]
[Result "1-0"]
[WhiteElo "1849"]
[BlackElo "1580"]
[PlyCount "77"]
[EventDate "2019.01.21"]
[EventType "swiss"]
[EventRounds "5"]
[EventCountry "GGB"]

1. e4 c5 2. Nf3 d6 3. d4 cxd4 4. Nxd4 Nf6 5. Nc3 g6 6. Be3 Bg7 7. f3 Nc6 8. Qd2
O-O 9. O-O-O Re8 10. Kb1 Bd7 11. g4 Rc8 12. h4 h5 13. Nxc6 bxc6 14. Bh6 Bh8 15.
e5 dxe5 16. gxh5 Bf5 17. hxg6 Qxd2 18. gxf7+ Kxf7 19. Rxd2 Red8 20. Rxd8 Rxd8
21. Bc4+ Nd5 22. Be3 e6 23. Bxd5 exd5 24. Bxa7 Rg8 25. Rg1 Rxg1+ 26. Bxg1 Kg6
27. a4 Bf6 28. Bf2 Kh5 29. a5 Bc8 30. Na4 Bd8 31. b4 Bb7 32. Nc5 Ba8 33. c3
Bxh4 34. Bg1 Kg6 35. a6 Be7 36. Nd7 c5 37. Bxc5 Bxc5 38. Nxc5 Kf5 39. b5 1-0

[Event "Gibraltar Amateurs A"]
[Site "Gibraltar"]
[Date "2019.01.21"]
[Round "1.13"]
[White "Greco, Joseph"]
[Black "Sahil, Dhawan"]
[Result "0-1"]
[WhiteElo "1574"]
[BlackElo "1843"]
[PlyCount "137"]
[EventDate "2019.01.21"]
[EventType "swiss"]
[EventRounds "5"]
[EventCountry "GGB"]

1. e4 c5 2. Nf3 e6 3. d4 cxd4 4. Nxd4 a6 5. Nc3 Qc7 6. Be3 Nf6 7. f3 b5 8. Bd3
Bb7 9. O-O Be7 10. Rc1 O-O 11. Nce2 d5 12. exd5 Nxd5 13. Bf2 Bg5 14. Ra1 Nd7
15. c3 g6 16. Qc2 e5 17. Nb3 Rac8 18. a3 Ne3 19. Bxe3 Bxe3+ 20. Kh1 f5 21. Ng3
Nf6 22. Rfe1 Bf4 23. Nf1 Rfd8 24. Rad1 Qb6 25. Be2 e4 26. Rxd8+ Rxd8 27. Rd1
exf3 28. Rxd8+ Qxd8 29. Bxf3 Bxf3 30. gxf3 Qd5 31. Nd4 Ng4 32. Qb3 Qxb3 33.
Nxb3 Nf2+ 34. Kg2 Nd3 35. Ng3 Bd6 36. Ne2 Nxb2 37. Ned4 Bxa3 38. Nd2 Nd1 39.
Nc2 Bc1 40. Nb3 Bb2 41. Nb4 Bxc3 42. Nxa6 Kf7 43. Kf1 Ke7 44. Ke2 Nb2 45. Nc7
b4 46. Nd5+ Kd6 47. Nxc3 bxc3 48. Ke3 Kd5 49. f4 Kc4 50. Nc1 Na4 51. h3 Nb6 52.
h4 Nd5+ 53. Kf3 c2 54. Kg3 Kc3 55. h5 Kd2 56. Nb3+ Kd1 57. hxg6 hxg6 58. Kh4
c1=Q 59. Nxc1 Kxc1 60. Kg5 Nxf4 61. Kxf4 Kd2 62. Kf3 Ke1 63. Ke3 g5 64. Kf3 Kf1
65. Kg3 Ke2 66. Kh3 f4 67. Kh2 f3 68. Kg3 f2 69. Kh2 0-1

[Event "Gibraltar Amateurs A"]
[Site "Gibraltar"]
[Date "2019.01.21"]
[Round "1.15"]
[White "Koreywo, Witold"]
[Black "Wadhwani, Sunil"]
[Result "1/2-1/2"]
[WhiteElo "1553"]
[BlackElo "1841"]
[PlyCount "84"]
[EventDate "2019.01.21"]
[EventType "swiss"]
[EventRounds "5"]
[EventCountry "GGB"]

1. d4 Nf6 2. Bf4 d6 3. e3 g6 4. Nf3 Bg7 5. Be2 O-O 6. h3 b6 7. O-O Bb7 8. c4 c5
9. Nc3 Nbd7 10. Re1 Ne8 11. Rc1 a6 12. a3 Rc8 13. Bg5 h6 14. Bh4 g5 15. Bg3 f5
16. Qd3 Nc7 17. d5 b5 18. b3 b4 19. axb4 cxb4 20. Na4 a5 21. Nd4 Nc5 22. Nxc5
dxc5 23. Bxc7 Qxc7 24. Ne6 Qd6 25. Nxf8 Rxf8 26. Rcd1 Bc8 27. Bh5 Bc3 28. Rf1
Rf6 29. f4 Bd7 30. Rc1 e6 31. Rxc3 bxc3 32. Qxc3 exd5 33. Qxa5 gxf4 34. exf4 d4
35. Qa8+ Rf8 36. Qd5+ Qxd5 37. cxd5 Rb8 38. Rc1 Be8 39. Bf3 Rc8 40. Be2 Kf8 41.
Bd3 Bd7 42. Re1 Kf7 1/2-1/2

[Event "Gibraltar Amateurs A"]
[Site "Gibraltar"]
[Date "2019.01.21"]
[Round "1.16"]
[White "Stamenov, Valeriy"]
[Black "Galinskyi, Mykhalo"]
[Result "0-1"]
[WhiteElo "1840"]
[BlackElo "1540"]
[PlyCount "72"]
[EventDate "2019.01.21"]
[EventType "swiss"]
[EventRounds "5"]
[EventCountry "GGB"]

1. e4 e5 2. Nf3 d6 3. d4 Nd7 4. Bc4 c6 5. O-O Be7 6. Nc3 Ngf6 7. Bg5 O-O 8. h3
Qc7 9. Re1 Re8 10. a3 b5 11. Bf1 Bb7 12. Nh4 h6 13. Bxf6 Bxf6 14. Nf3 Nf8 15.
Rc1 a6 16. d5 c5 17. Ne2 c4 18. c3 Nd7 19. Ng3 Nc5 20. Nh2 Bc8 21. Rc2 Bg5 22.
Nf3 Qe7 23. Nxg5 Qxg5 24. Qf3 Rf8 25. Nf5 Nxe4 26. Qxe4 Bxf5 27. Qe2 Bxc2 28.
Qxc2 f5 29. f3 Rae8 30. Qf2 e4 31. f4 Qe7 32. Re3 g5 33. Be2 Kh7 34. Bh5 Rd8
35. Kh1 gxf4 36. Qxf4 Qg5 0-1

[Event "Gibraltar Amateurs A"]
[Site "Gibraltar"]
[Date "2019.01.21"]
[Round "1.17"]
[White "Kearsley, Raymond J"]
[Black "Olaizola, Miguel"]
[Result "0-1"]
[WhiteElo "1537"]
[BlackElo "1831"]
[PlyCount "46"]
[EventDate "2019.01.21"]
[EventType "swiss"]
[EventRounds "5"]
[EventCountry "GGB"]

1. e4 e5 2. Nf3 Nf6 3. d4 exd4 4. e5 Nd5 5. Qxd4 Nb6 6. Bd3 Nc6 7. Qe4 Be7 8.
a3 d5 9. exd6 cxd6 10. c4 Be6 11. Nc3 Ne5 12. Nxe5 dxe5 13. Be3 f5 14. Qxe5
Qxd3 15. Bxb6 Qxc4 16. Be3 O-O 17. Qb5 f4 18. Qxc4 Bxc4 19. Bd4 f3 20. gxf3
Rxf3 21. O-O-O Bg5+ 22. Kb1 Bh4 23. Ne4 Bd3+ 0-1

[Event "Gibraltar Amateurs A"]
[Site "Gibraltar"]
[Date "2019.01.21"]
[Round "1.18"]
[White "Wilson, Matthew R"]
[Black "Oliva Parra, Ernesto"]
[Result "1-0"]
[WhiteElo "1822"]
[BlackElo "1535"]
[PlyCount "77"]
[EventDate "2019.01.21"]
[EventType "swiss"]
[EventRounds "5"]
[EventCountry "GGB"]

1. e4 e5 2. Nf3 Nc6 3. Bc4 Bc5 4. c3 h6 5. d4 exd4 6. cxd4 Bb6 7. O-O d6 8. Nc3
Nge7 9. a3 a6 10. Qd3 Bg4 11. Ne2 O-O 12. Rd1 Ng6 13. h3 Bd7 14. Ng3 Nh4 15.
Nxh4 Qxh4 16. Be3 Rad8 17. Rac1 Ne7 18. Ba2 Rfe8 19. Bb1 Ng6 20. Qe2 Bc8 21.
Nf5 Bxf5 22. exf5 Ne7 23. d5 Qf6 24. Bxb6 cxb6 25. Qd3 Rc8 26. Rxc8 Rxc8 27.
Re1 Qg5 28. Qe4 Rc1 29. h4 Rxe1+ 30. Qxe1 Qxh4 31. Qe3 Qf6 32. Qxb6 Nxd5 33.
Qxb7 Ne7 34. g3 Nxf5 35. Qc8+ Kh7 36. Qxf5+ Qxf5 37. Bxf5+ g6 38. Bd3 a5 39. b4
1-0

[Event "Gibraltar Amateurs A"]
[Site "Gibraltar"]
[Date "2019.01.21"]
[Round "1.19"]
[White "Bullock, Lee"]
[Black "Teh, Wee Zhun"]
[Result "0-1"]
[WhiteElo "1524"]
[BlackElo "1818"]
[PlyCount "28"]
[EventDate "2019.01.21"]
[EventType "swiss"]
[EventRounds "5"]
[EventCountry "GGB"]

1. d4 d5 2. Bf4 c5 3. e3 Nc6 4. Nf3 Nf6 5. c3 Qb6 6. b3 Bg4 7. Bd3 e6 8. Nbd2
cxd4 9. exd4 Ba3 10. Rb1 a5 11. O-O O-O 12. h3 Bf5 13. Bxf5 exf5 14. Qc2 g6 {
(moves missing?)} 0-1

[Event "Gibraltar Amateurs A"]
[Site "Gibraltar"]
[Date "2019.01.21"]
[Round "1.20"]
[White "Manukonda, Arun"]
[Black "Ait Hammou Mohamed, Rayane"]
[Result "1-0"]
[WhiteElo "1814"]
[BlackElo "1514"]
[PlyCount "81"]
[EventDate "2019.01.21"]
[EventType "swiss"]
[EventRounds "5"]
[EventCountry "GGB"]

1. Nf3 d5 2. g3 Nf6 3. Bg2 e6 4. d3 c5 5. O-O Bd6 6. Nbd2 Nc6 7. e4 O-O 8. c3
b6 9. Re1 Qc7 10. Qe2 Nd7 11. Ng5 d4 12. f4 e5 13. Nc4 Be7 14. Nf3 Bf6 15. f5
b5 16. Ncd2 Ba6 17. g4 h6 18. Nf1 c4 19. dxc4 bxc4 20. h4 d3 21. Qf2 Be7 22. g5
h5 23. f6 Bc5 24. Be3 Bxe3 25. Nxe3 g6 26. Nd5 Qd8 27. Nd2 Qa5 28. b4 Qd8 29.
a4 Bb7 30. Nxc4 Re8 31. Nd6 Rb8 32. Nxe8 Qxe8 33. Rad1 Nb6 34. b5 Na5 35. Ne7+
Kh7 36. Bf3 Nxa4 37. Bxh5 Nxc3 38. Bxg6+ fxg6 39. h5 Nxd1 40. hxg6+ Qxg6 41.
Qh2+ 1-0

[Event "Gibraltar Amateurs A"]
[Site "Gibraltar"]
[Date "2019.01.21"]
[Round "1.21"]
[White "Elsner, Boris"]
[Black "Sharma, Pankaj"]
[Result "0-1"]
[WhiteElo "1491"]
[BlackElo "1809"]
[PlyCount "36"]
[EventDate "2019.01.21"]
[EventType "swiss"]
[EventRounds "5"]
[EventCountry "GGB"]

1. d4 Nf6 2. e3 d5 3. c3 c5 4. Nf3 e6 5. b3 Bd6 6. Bd3 Nbd7 7. Nbd2 Qc7 8. Nf1
cxd4 9. c4 e5 10. Be2 d3 11. Bxd3 e4 12. Bxe4 dxe4 13. Nd4 Ne5 14. f4 Bb4+ 15.
Bd2 Nd3+ 16. Ke2 Bg4+ 17. Nf3 O-O-O 18. Bxb4 Nxb4 0-1

[Event "Gibraltar Amateurs A"]
[Site "Gibraltar"]
[Date "2019.01.21"]
[Round "1.22"]
[White "Dennis, Nigel W"]
[Black "Tveten, Per"]
[Result "1-0"]
[WhiteElo "1805"]
[BlackElo "1461"]
[PlyCount "55"]
[EventDate "2019.01.21"]
[EventType "swiss"]
[EventRounds "5"]
[EventCountry "GGB"]

1. e4 e5 2. Nf3 Nc6 3. Bb5 d6 4. O-O Nf6 5. Re1 g6 6. d4 exd4 7. e5 dxe5 8.
Nxe5 Be6 9. Nxc6 Qd5 10. Nxd4+ c6 11. Nc3 Qd7 12. Bg5 Be7 13. Nxe6 fxe6 14.
Qxd7+ Nxd7 15. Bxe7 cxb5 16. Ba3 Kf7 17. Nxb5 b6 18. Rad1 Nc5 19. b4 Na4 20.
Rd7+ Kf6 21. Nd6 Rhf8 22. h4 Rad8 23. Ne4+ Kf5 24. Rxa7 b5 25. Bc1 Kg4 26. Bg5
Rd5 27. f3+ Kf5 28. Ng3# 1-0

[Event "Gibraltar Amateurs A"]
[Site "Gibraltar"]
[Date "2019.01.21"]
[Round "1.23"]
[White "Gough, Theo"]
[Black "Mircov, Nicola-Alexandar"]
[Result "0-1"]
[WhiteElo "1430"]
[BlackElo "1797"]
[PlyCount "68"]
[EventDate "2019.01.21"]
[EventType "swiss"]
[EventRounds "5"]
[EventCountry "GGB"]

1. d4 Nf6 2. Nf3 c5 3. c3 d5 4. dxc5 e6 5. b4 a5 6. Bb2 b6 7. cxb6 axb4 8. Qb3
Qxb6 9. a3 Ne4 10. e3 Nc5 11. Qc2 b3 12. Qd1 Ba6 13. Nbd2 Bd3 14. Nd4 Qa6 15.
N2xb3 Bxf1 16. Nxc5 Bxc5 17. Rxf1 O-O 18. Qe2 Qb6 19. a4 e5 20. Nb5 Nc6 21. Kd2
d4 22. exd4 exd4 23. Kc2 Rfe8 24. Qd2 Rad8 25. Kb1 d3 26. Re1 Rxe1+ 27. Qxe1
Bxf2 28. Qd2 Na5 29. Nd4 Bxd4 30. cxd4 Nc4 31. Qc3 d2 32. Ka2 Rb8 33. Rb1 Nxb2
34. Qxd2 Qb3+ 0-1

[Event "Gibraltar Amateurs A"]
[Site "Gibraltar"]
[Date "2019.01.21"]
[Round "1.24"]
[White "Kovacevic, Aleksandar S"]
[Black "Arias Diaz, Miguel Angel"]
[Result "1-0"]
[WhiteElo "1793"]
[BlackElo "1421"]
[PlyCount "97"]
[EventDate "2019.01.21"]
[EventType "swiss"]
[EventRounds "5"]
[EventCountry "GGB"]

1. b4 Nf6 2. Bb2 d6 3. e3 Nbd7 4. Nf3 g6 5. c4 Bg7 6. Nc3 O-O 7. Qc2 b6 8. Be2
Bb7 9. O-O e5 10. Ng5 h6 11. Nf3 Nh7 12. d4 Ng5 13. d5 Nxf3+ 14. Bxf3 f5 15. g3
Qg5 16. Nb5 Rac8 17. h4 Qf6 18. Bg2 a6 19. Nc3 Ra8 20. Ne2 g5 21. hxg5 hxg5 22.
Rab1 Qh6 23. f3 Rae8 24. Kf2 g4 25. Rh1 Qg6 26. f4 Qf7 27. Rh4 Qe7 28. e4 exf4
29. Nxf4 fxe4 30. Bxg7 Rxf4+ 31. Ke3 Rf7 32. Bc3 Qg5+ 33. Ke2 Rh7 34. Rxh7 Kxh7
35. Rh1+ Kg8 36. Rh8+ Kf7 37. Rh7+ Kf8 38. Rxd7 Bc8 39. Rg7 Qh5 40. Qd1 Re7 41.
Qf1+ Rf7 42. Rxf7+ Qxf7 43. Qxf7+ Kxf7 44. Bxe4 Bd7 45. Ke3 Bc8 46. Kf4 b5 47.
cxb5 axb5 48. Bd3 Bd7 49. Bf5 1-0

[Event "Gibraltar Amateurs A"]
[Site "Gibraltar"]
[Date "2019.01.21"]
[Round "1.25"]
[White "Cordero Infante, Ivan"]
[Black "Anjali, R. Sagar"]
[Result "0-1"]
[WhiteElo "1417"]
[BlackElo "1787"]
[PlyCount "64"]
[EventDate "2019.01.21"]
[EventType "swiss"]
[EventRounds "5"]
[EventCountry "GGB"]

1. e4 e5 2. Nf3 Nc6 3. Bc4 Bc5 4. d4 Bxd4 5. Nxd4 Nxd4 6. Be3 Ne6 7. Bxe6 dxe6
8. Qxd8+ Kxd8 9. Nc3 Bd7 10. O-O-O Kc8 11. Rd2 Ne7 12. Rhd1 Bc6 13. f3 b6 14.
a3 a5 15. h4 h5 16. Rd3 Kb7 17. Kb1 Nc8 18. a4 Nd6 19. b3 Rad8 20. f4 Kc8 21.
Bxb6 Nxe4 22. Rxd8+ Rxd8 23. Rxd8+ Kxd8 24. Bxa5 exf4 25. Ne2 e5 26. Bb4 Nd6
27. a5 Kd7 28. a6 Bxg2 29. a7 Ba8 30. Bc5 Ne4 31. Bg1 f3 32. Nc1 f2 0-1

[Event "Gibraltar Amateurs A"]
[Site "Gibraltar"]
[Date "2019.01.21"]
[Round "1.26"]
[White "Poggio, Freddie"]
[Black "Ralivololona, Hanitriniaina Andri"]
[Result "1-0"]
[WhiteElo "1765"]
[BlackElo "1399"]
[PlyCount "97"]
[EventDate "2019.01.21"]
[EventType "swiss"]
[EventRounds "5"]
[EventCountry "GGB"]

1. d4 d5 2. Nf3 Nf6 3. e3 Nc6 4. Bd3 g6 5. Nbd2 Bg7 6. c3 O-O 7. Qe2 a6 8. O-O
Re8 9. e4 dxe4 10. Nxe4 Bg4 11. h3 Bd7 12. Be3 e5 13. Nxf6+ Bxf6 14. dxe5 Nxe5
15. Nxe5 Rxe5 16. Qc2 Bc6 17. Bf4 Qd5 18. f3 Re7 19. Bg3 Rae8 20. Rad1 Qg5 21.
Qf2 Qe3 22. Rfe1 Qxf2+ 23. Bxf2 Bd7 24. Rxe7 Rxe7 25. Bc5 Re8 26. Bxa6 bxa6 27.
Rxd7 Re2 28. Ba3 Be5 29. Rd5 Bg3 30. Rd1 Re1+ 31. Rxe1 Bxe1 32. Kf1 Bg3 33. Ke2
f5 34. Kd3 Kf7 35. Kc4 Bf2 36. Bc5 Bxc5 37. Kxc5 Ke7 38. Kc6 Kd8 39. b4 Kc8 40.
c4 g5 41. g4 fxg4 42. fxg4 h6 43. a4 Kb8 44. a5 Kc8 45. b5 axb5 46. cxb5 Kb8
47. a6 Ka8 48. Kxc7 Ka7 49. b6+ 1-0